书目信息 |
| 书名: | Collins Gem Dictionary of Abbrevitions | |
| 作者: | ||
| 分册号: | ||
| 分册名: | 出版地: | London : |
|
| 出版社: | William Collins Sons & Co.Ltd | |
| 出版时间: | 1980. | |
| 页数: | 314 p. ; | |
| 开本: | 8cm. | |
| 丛书名: | ||
| 中图分类号: | ||
| 科图分类号: | ||
| 其他分类号: | H313.6-61 | |
| 主题词: | ||
| 电子资源: | ||
| 000 | 00397nam 2200145 a 4500 | |
| 001 | E0732925940 | |
| 005 | 20070430150016.20 | |
| 008 | 070228s1980 00010 eng | |
| 020 | @a0-00-458324-8. | |
| 040 | @aPFT@beng | |
| 090 | @aH313.6-61 | |
| 099 | @dH313.6-61@ex27 | |
| 245 | @aCollins Gem Dictionary of Abbrevitions. | |
| 260 | @aLondon :@bWilliam Collins Sons & Co.Ltd,@c1980. | |
| 300 | @a314 p. ;@c8cm. | |
| Collins Gem Dictionary of Abbrevitions.-London : : William Collins Sons & Co.Ltd, , 1980. |
| 314 p. ; ; 8cm. |
| ISBN 0-00-458324-8. |
| ● |
| 相关链接 |
|
|
|
|
正题名:Collins Gem Dictionary of Abbrevitions
索取号:H313.6-61/x27
 
预约/预借
| 序号 | 登录号 | 条形码 | 馆藏地/架位号 | 状态 | 备注 |
| 1 | 182930 | 001300103 | 第二样本阅览室/ [索取号:H313.6-61/x27] | 在馆 | |
| 2 | 182931 | 001300096 | 第四借阅区/ [索取号:H313.6-61/x27] | 在馆 | |
| 3 | 182932 | 001300087 | 第四借阅区/ [索取号:H313.6-61/x27] | 在馆 |